| 000 | 00446nam a2200193Ia 4500 | ||
|---|---|---|---|
| 005 | 20240823061618.0 | ||
| 008 | 240823s9999||||xx |||||||||||||| ||und|| | ||
| 020 | _a0-313-31786-0 | ||
| 041 | _aENGLISH | ||
| 082 | _A570 P5 | ||
| 100 | _aCarol Leth Stone | ||
| 245 | 4 | _aThe Basics of Biology | |
| 250 | _a1st | ||
| 260 |
_c2005 _bGreenwood |
||
| 500 | _aYES | ||
| 650 |
_aBiology _bAllied Health Science |
||
| 942 | _cBK | ||
| 999 |
_c233934 _d233934 |
||